Statistics for U.S. Secretaries of Defense by Picture

Click here to take the quiz!

General Stats

  • This quiz has been taken 31 times
    (29 since last reset)
  • The average score is 23 of 33

Answer Stats

Answer% Correct
Dick Cheney
100%
Donald Rumsfeld
100%
Caspar Weinberger
92%
George Marshall
85%
Jim Mattis
85%
Leon Panetta
85%
Lloyd Austin
85%
Mark Esper
85%
Robert McNamara
85%
William Cohen
85%
Ash Carter
77%
Clark Clifford
77%
James Forrestal
77%
Leslie Aspen
77%
Robert Gates
77%
Thomas S. Gates Jr.
77%
Chuck Hagel
69%
William Howard Taft IV
69%
William Perry
69%
Charles Erwin Wilson
62%
Elliott Richardson
62%
Frank Carlucci
62%
James R. Schlesinger
62%
Melvin R. Laird
62%
Bill Clements
54%
Christopher C. Miller
54%
David Norquist
54%
Harold Brown
54%
Louis A. Johnson
54%
Neil H. McElroy
54%
Patrick M. Shanahan
54%
Richard V. Spencer
54%
Robert A. Lovett
54%

Score Distribution

Percentile by Number Answered

Percent of People with Each Score

Your Score History

You have not taken this quiz since the last reset